Detalles MARC
| 000 -LEADER |
| fixed length control field |
00921nam a2200265 a 4500 |
| 001 - CONTROL NUMBER |
| control field |
000044448 |
| 003 - CONTROL NUMBER IDENTIFIER |
| control field |
DO-SdBNP |
| 005 - DATE AND TIME OF LATEST TRANSACTION |
| control field |
20180302123421.0 |
| 007 - PHYSICAL DESCRIPTION FIXED FIELD--GENERAL INFORMATION |
| fixed length control field |
000044448 |
| 008 - FIXED-LENGTH DATA ELEMENTS--GENERAL INFORMATION |
| fixed length control field |
140701s 2014 dr a 000 0 spa d |
| 040 ## - CATALOGING SOURCE |
| Original cataloging agency |
BPMSU |
| Language of cataloging |
spa |
| Transcribing agency |
BPMSU |
| 100 1# - MAIN ENTRY--PERSONAL NAME |
| Personal name |
Mesa, Plinio |
| 245 10 - TITLE STATEMENT |
| Title |
Mantenimiento a sistemas de potencias / |
| Statement of responsibility, etc. |
Plinio Mesa, prólogo Jacobo Herrera. |
| 260 ## - PUBLICATION, DISTRIBUTION, ETC. (IMPRINT) |
| Place of publication, distribution, etc. |
Santo Domingo : |
| Name of publisher, distributor, etc. |
Escorpión publicidad, |
| Date of publication, distribution, etc. |
2014. |
| 300 ## - PHYSICAL DESCRIPTION |
| Extent |
192 p. : |
| Other physical details |
ils. ; |
| Dimensions |
23 cm. |
| 500 ## - GENERAL NOTE |
| General note |
Incluye datos biográficos del autor en la contracubierta |
| 930 #1 - EQUIVALENCE OR CROSS-REFERENCE-UNIFORM TITLE HEADING [LOCAL, CANADA] |
| Language of a work |
BND01 |
| Medium of performance for music |
LF1 |
| Field link and sequence number |
20140701 |
| Date of a work |
04 |
| Name of part/section of a work |
HD |
| Miscellaneous information |
45408 |
| Medium |
e. 3 |
| 930 #1 - EQUIVALENCE OR CROSS-REFERENCE-UNIFORM TITLE HEADING [LOCAL, CANADA] |
| Language of a work |
BND01 |
| Medium of performance for music |
LF1 |
| Field link and sequence number |
20140701 |
| Date of a work |
01 |
| Name of part/section of a work |
HD |
| Miscellaneous information |
45407 |
| 930 #1 - EQUIVALENCE OR CROSS-REFERENCE-UNIFORM TITLE HEADING [LOCAL, CANADA] |
| Language of a work |
BND01 |
| Medium of performance for music |
LF1 |
| Field link and sequence number |
20140701 |
| Date of a work |
01 |
| Name of part/section of a work |
HD |
| Miscellaneous information |
45407 |
| Medium |
e. 2 |
| 942 ## - ADDED ENTRY ELEMENTS (KOHA) |
| Source of classification or shelving scheme |
Dewey Decimal Classification |
| Koha item type |
Libros |
| 945 ## - LOCAL PROCESSING INFORMATION (OCLC) |
| a |
Inventariado, 2018 /LP |
| 956 ## - LOCAL ELECTRONIC LOCATION AND ACCESS (OCLC) |
| Host name |
WMENDOZA |
| Access number |
10 |
| Compression information |
20140701 |
| Logon |
BND01 |
| Processor of request |
1153 |
| 956 ## - LOCAL ELECTRONIC LOCATION AND ACCESS (OCLC) |
| Host name |
BTAVAREZ |
| Access number |
10 |
| Compression information |
20140708 |
| Logon |
BND01 |
| Processor of request |
1524 |
| 956 ## - LOCAL ELECTRONIC LOCATION AND ACCESS (OCLC) |
| Host name |
VMATEO |
| Access number |
10 |
| Compression information |
20150505 |
| Logon |
BPMSU |
| Processor of request |
00151 |